01617cam a22003495a 45000010009000000050017000090080041000260100017000670200031000840400033001150820017001482450122001652460040002872600058003273000026003855040051004116500055004626500058005176500062005756500065006376500042007026510010007446530022007546550024007767000033008007000048008339420008008819990017008899520115009069520131010219520115011521717975720180401150526.0120224t2012 enk frbf 001 0 eng d a 2012006854 a9780195337228 (alk. paper) aDLCbengcDLCdDLCdEG-ScBUE04a325bOXF22204aThe Oxford handbook of the politics of international migration /cedited by Marc R. Rosenblum and Daniel J. Tichenor.30aPolitics of international migration aOxford :aNew York :bOxford University Press,c2012. axii, 660 p. ;c26 cm. aIncludes bibliographical references and index. 7aEmigration and immigrationxHistory.2BUEsh934405 7aEmigration and immigrationxPolitical aspects.2BUEsh 7aEmigration and immigrationxSocial aspects.2BUEsh924315 7aEmigration and immigrationxGovernment policy.2BUEsh934429 7aImmigrantsxSocial conditions.2BUEsh 2BUEsh bBUSBOLcApril2018 vReading book9342321 aRosenblum, Marc R.,eeditor.1 aTichenor, Daniel J.,d1966-eeditor.913904 2ddc c26446d26418 00102ddc40708BaccahaMAINbMAINc1STd2018-04-01ePurchasel0o325 OXFp000043128r2025-07-15 00:00:00yBB 00102ddc40708BaccahaMAINbMAINc1STd2018-04-01ePurchasel1m51o325 OXFp000043129r2025-07-15 00:00:00s2019-10-26yBB 00102ddc40708BaccahaMAINbMAINc1STd2018-04-01ePurchasel0o325 OXFp000043130r2025-07-15 00:00:00yBB